000 00846nam a22001937a 4500
005 20260511105216.0
010 _aB-778915-922 BACEN26
020 _a9789349919167
_c199.00
035 _aB-778915-922
037 _bIntercontinental books Agency
082 _aN
100 _aWells, H.G.
245 _aThe Time Machine:
_ban invention /
_cby H.G. Wells
260 _aNew Delhi
_bFeel Classics
_c2025
270 _a4381/4 Ansari Road, Daryaganj
_bNew Delhi
_e110002
300 _a116p.
_c20cm(Pb)
942 _2ddc
_cEN
_hN
_mWEL
999 _c215105
_d215105